Landau-Zener transitions in noisy environment and many-body systems /

Bibliographic Details
Main Author: Sun, Deqiang
Other Authors: Pokrovsky, Valery L. (Thesis advisor)
Format: Thesis eBook
Language:English
Published: [College Station, Tex.] : [Texas A&M University], [2010]
Subjects:
Online Access:Link to OAK Trust copy

MARC

Tag First Indicator Second Indicator Subfields
LEADER 00000cam a2200000Ka 4500
001 in00002575491
005 20151201150150.0
006 m f d
007 cr unu||||||||
008 100428s2010 txu sbm 000 0 eng d
035 |a (OCoLC)ocn609905511 
035 |a (OCoLC)609905511 
035 |a (TxCM)http://hdl.handle.net/1969.1/ETD-TAMU-2009-05-773 
040 |a TXA  |c TXA  |d UtOrBLW 
049 |a TXAM 
099 |a 2009  |a Dissertation  |a 1969.1/ETD-TAMU-2009-05-773 
100 1 |a Sun, Deqiang. 
245 1 0 |a Landau-Zener transitions in noisy environment and many-body systems /  |c by Deqiang Sun. 
264 1 |a [College Station, Tex.] :  |b [Texas A&M University],  |c [2010] 
300 |a 1 online resource. 
336 |a text  |b txt  |2 rdacontent 
337 |a computer  |b c  |2 rdamedia 
338 |a online resource  |b cr  |2 rdacarrier 
500 |a "Major Subject: Physics" 
500 |a Title from author supplied metadata (automated record created 2010-03-12 12:08:51). 
502 |b Doctor of Philosophy  |c Texas A&M University  |d 2009  |o http://hdl.handle.net/1969.1/ETD-TAMU-2009-05-773 
504 |a Includes bibliographical references. 
516 |a Text (Dissertation) 
520 3 |a This dissertation discusses the Landau-Zener (LZ) theory and its application in noisy environments and in many-body systems. The first project considers the effect of fast quantum noise on LZ transitions. There are two important time intervals separated by the characteristic LZ time. For each interval we derive and solve the evolution equation, and match the solutions at the boundaries to get a complete solution. Outside the LZ time interval, we derive the master equation, which differs from the classical equation by a quantum commutation term. Inside the LZ time interval, the mixed longitudinal-transverse noise correlation renormalizes the LZ gap and the system evolves according to the renormalized LZ gap. In the extreme quantum regime at zero temperature our theory gives a beautiful result which coincides with that of other authors. Our initial attempts to solve two experimental puzzles - an isotope effect and the quantized hysteresis curve of a single molecular magnet - are also discussed. The second project considers an ultracold dilute Fermi gas in a magnetic field sweeping across the broad Feshbach resonance. The broad resonance condition allows us to use the single mode approximation and to neglect the energy dispersion of the fermions. We then propose the Global Spin Model Hamiltonian, whose ground state we solve exactly, which yields the static limit properties of the BEC-BCS crossover. We also study the dynamics of the Global Spin Model by converting it to a LZ problem. The resulting molecular production from the initial fermions is described by a LZ-like formula with a strongly renormalized LZ gap that is independent of the initial fermion density. We predict that molecular production during a field-sweep strongly depends on the initial value of magnetic field. We predict that in the inverse process of molecular dissociation, immediately after the sweeping stops there appear Cooper pairs with parallel electronic spins and opposite momenta. 
500 |a Electronic resource. 
650 4 |a Major physics. 
653 |a Ultracold Fermi gas 
653 |a Fast quantum noise 
653 |a Mesoscopic Systems 
653 |a Landau-Zener theory 
653 |a Single molecular magnet 
653 |a BEC-BCS crossover 
700 1 |a Pokrovsky, Valery L.,  |e thesis advisor. 
856 4 0 |u http://hdl.handle.net/1969.1/ETD-TAMU-2009-05-773  |z Link to OAK Trust copy  |t 0 
948 |a cataloged  |b h  |c 2010/4/28  |d c  |e jgreene  |f $:19:12 pm 
994 |a C0  |b TXA 
999 |a MARS 
999 f f |s fdbc305b-d945-35d6-b5ac-419fba627f3c  |i a0bed33a-f89c-328f-9ddc-8676f274daea  |t 0 
952 f f |a Texas A&M University  |b College Station  |c Electronic Resources  |d Available Online  |t 0  |e 2009 Dissertation 1969.1/ETD-TAMU-2009-05-773  |h Other scheme 
998 f f |a 2009 Dissertation 1969.1/ETD-TAMU-2009-05-773  |t 0  |l Available Online